Villes les plus peuplées de la Charente-Maritime 17 - Statistiques

Statistiques générales
  • Ce quiz a été pris 101 fois
  • Le résultat moyen est 7 sur 15
Statistiques - réponses
Population Ville % Correct
77 210 La Rochelle
100%
25 412 Saintes
95%
23 410 Rochefort
94%
18 638 Royan
83%
6 744 Saint-Jean-d'Angély
63%
9 397 Aytré
44%
6 801 Surgères
44%
7 193 Lagord
35%
8 741 Périgny
31%
7 200 Saujon
29%
8 142 Tonnay-Charente
28%
6 024 Châtelaillon-Plage
27%
6 659 Puilboreau
27%
6 585 Saint-Pierre-d'Oléron
24%
6 203 Marennes-Hiers-Brouage
6%
Aucun quiz correspondant
Distribution des résultats
% des personnes avec chaque résultat
Percentile par nombre de réponses
Votre historique - résultats
Vous n’avez pas pris ce quiz